00915nac a22002537a 4500001001000000003000900010005001700019008003400036040005400070072000800124100002100132110007700153245009100230246008900321260003600410300001000446490009100456500002500547650002200572650002300594650002300617650001000640650001100650BR8100689BR-BrBNA20240105114909.0230509b bl.|||m| |||| 00| 0 por d aBR-BrBNAbporcBiblioteca Nacional de Agricultura aF701 aCarvalho, P.E.R.1 aUnidade Regional de Pesquisa Florestal Centro-Sul, Curitiba, PR (Brasil)1 aLevantamento floristico da regiao de Irati, PR [Flora; Parana; Brasil]b1. Aproximacao1 a[Floristic survey of the Irati area, PR [Flora; Parana; Brazil]]b[1. Approximation]3 aCuritiba, PR (Brasil): c1980.  a44 p. aCircular Tecnica - Unidade Regional de Pesquisa Florestal Centro-Sul (Brazil)vno. 3x a9 ref.; Summary (Pt) aTaxonomia vegetal aArvore gimnosperma aArvore angiosperma aFlora aParana